[Event "AUT-ch Open 2020"]
[Site "Graz"]
[Date "2020.02.20"]
[Round "8.4"]
[White "Tisaj, Domen"]
[Black "Szotkowski, Jakub"]
[Result "0-1"]
[WhiteElo "2245"]
[BlackElo "2367"]
[Annotator "TA"]
[PlyCount "139"]
[EventDate "2020.02.14"]
[EventType "swiss"]
[EventCountry "AUT"]
[SourceTitle "playchess.com"]
[Source "ChessBase"]
[SourceQuality "1"]

{[%evp 11,139,4,24,23,26,19,21,21,20,20,26,9,6,6,31,25,37,25,29,27,26,28,26,23,32,13,18,29,15,19,23,0,18,0,0,0,7,14,22,14,19,9,31,0,7,0,0,-15,0,0,0,0,0,0,0,0,0,0,35,0,0,0,0,0,0,0,0,0,39,-39,-33,-53,0,0,0,0,56,-28,-33,-64,0,-31,56,41,583,575,572,0,0,0,0,0,0,0,0,0,0,0,0,0,0,0,0,0,0,-29,-35,-35,-31,-31,-31,-31,-33,-33,-36,-36,-18,-48,-50,-55,-2,-10,-17,-203,-217,-579,-572,-29970,-29971,-29983]} 1. e4 c6 2. Nc3 d5 3. Nf3 Bg4 4. h3 Bxf3 5. Qxf3 e6 6. d4 dxe4 7. Qxe4 {B11: Caro-Kann: Two Knights Variation.} Nf6 8. Qd3 Nbd7 9. g3 {The position is equal.} Bd6 10. Bg2 Qc7 11. Bd2 O-O 12. O-O {[#]} a6 $146 ({Predecessor:} 12... Rad8 13. Rad1 Rfe8 14. Rfe1 e5 15. d5 e4 16. Nxe4 Rxe4 17. Bxe4 Nc5 18. Qf3 Ncxe4 19. Rxe4 Nxe4 20. Qxe4 cxd5 {½-½ (30) Howell,D (2701)-Dreev,A (2671) Budva 2019}) 13. Rad1 h6 14. Rfe1 Rfd8 15. Ne4 Nxe4 16. Qxe4 Be7 17. c4 Nf6 18. Qe3 Rd7 19. Bc3 Rad8 20. Bf3 Ne8 21. b3 Bf6 22. Rd3 Nd6 {With the idea ...Nf5.} 23. g4 Ne8 24. Red1 Bg5 25. Qe1 Nf6 26. Qe2 Re8 27. Kg2 Bf4 28. Qb2 Qd8 {Black wants to play ...e5!} 29. Qc2 Bb8 30. Kf1 Qe7 31. Qe2 Qd6 32. Bg2 Qh2 33. Qf3 Nh7 34. d5 Ng5 35. Qe2 cxd5 36. cxd5 e5 37. h4 Qxh4 {Hoping for ...e4.} 38. f4 $1 Nh7 $1 39. fxe5 Ba7 40. Bd4 (40. Qf3 $14) 40... Bxd4 $15 41. Rxd4 Ng5 (41... Qg5 $15) 42. R4d3 Qh2 43. Re3 Rc8 (43... Qf4+ $11 44. Kg1 Rc7) 44. Re1 ({White should play} 44. Qf2 $14) 44... Qf4+ $11 45. Kg1 b5 (45... Rdc7 $1 $15 46. e6 fxe6 47. dxe6 Rc2) 46. Kh1 Rc5 (46... Rdc7 $15 47. e6 fxe6 48. dxe6 Rc2) 47. Rf1 $1 $14 {[%cal Rf1f4]} Qd4 $2 {[%mdl 8192]} (47... Qb4 $1 $14) 48. Rd3 $18 Qb4 49. Re3 $2 (49. e6 $18 fxe6 50. a3 {[%mdl 64] Promotion} Qxa3 51. dxe6 Rxd3 52. e7 (52. Qxd3 Re5 $11)) 49... Rcxd5 50. Bxd5 Rxd5 51. Rd1 Qc5 {[#] And now ...Rxd1+ would win.} 52. Rxd5 Qxd5+ $11 {[%mdl 4096] Endgame KQR-KQN} 53. Kh2 Qd4 54. Kg3 g6 55. Kg2 Ne6 {[#] Strongly threatening ...Nf4+.} 56. Qf3 Nf4+ 57. Kg3 g5 58. Qa8+ Kg7 59. Qe4 $1 {[%cal Re4d4]} Qa1 60. Re1 Qxa2 61. b4 Qd2 62. Re3 Qc1 $36 {[%mdl 2048] ( -> ...Qg1+). White is under pressure.} 63. Re1 $1 {[%cal Re1c1]} Qb2 64. Re3 Qd2 65. Re1 $1 a5 (65... Qc3+ $15 66. Re3 Qd2) 66. bxa5 Qxa5 67. Rb1 $2 (67. e6 $1 $11 {and White has nothing to worry.} Nxe6 68. Qe5+ Kg8 69. Qb8+ Kh7 70. Qe5) 67... Qc3+ $19 68. Kf2 $2 (68. Qf3 Qxe5 69. Kf2) 68... Nd3+ 69. Kg1 Qc5+ 70. Kg2 {What a bad dream for White. Accuracy: White = 76%, Black = 80%.} 0-1

[Event "AUT-ch Open 2020"]
[Site "Graz"]
[Date "2020.02.20"]
[Round "8.5"]
[White "Schoppen, Casper"]
[Black "Blohberger, Felix"]
[Result "1/2-1/2"]
[WhiteElo "2489"]
[BlackElo "2448"]
[Annotator "TA"]
[PlyCount "89"]
[EventDate "2020.02.14"]
[EventType "swiss"]
[EventCountry "AUT"]
[SourceTitle "playchess.com"]
[Source "ChessBase"]
[SourceQuality "1"]

{[%evp 16,89,81,72,72,84,83,69,71,80,91,80,106,89,108,108,110,81,92,92,92,92,123,77,94,77,77,84,81,66,66,66,66,66,66,66,73,52,60,59,71,68,66,53,79,80,88,88,85,84,81,72,78,0,0,0,0,0,0,0,0,0,16,0,0,0,0,0,0,0,0,0,0,0,0,0]} 1. d4 Nf6 2. c4 d6 3. Nc3 g6 4. e4 Bg7 5. Nf3 O-O 6. Be2 Bg4 7. O-O Nfd7 8. Be3 c5 9. d5 a6 {E91: King's Indian: Classical: 6 Be2, unusual replies including 6...c5 and 6...Bg4.} 10. a4 {[#]} Nf6 $146 ({Predecessor:} 10... Qa5 11. Qd2 Qb4 12. Qc2 Bxf3 13. gxf3 Nb6 14. a5 Nxc4 15. Bxc4 {1-0 (15) Kryakvin,D (2529)-Pechac,J (2511) Pardubice 2015}) 11. h3 Bxf3 {White is slightly better.} 12. Bxf3 Nbd7 13. Be2 Qb6 14. Qc2 Rfe8 15. f4 Nf8 16. Rae1 N6d7 17. Kh1 e6 18. Bd3 exd5 19. exd5 Bd4 20. Bc1 Rxe1 21. Rxe1 Qd8 22. Kh2 f5 23. Ne2 {[%cal Bc3e2,Be2g1,Bg1f3][%mdl 32]} Bg7 24. Ng1 Nf6 25. Nf3 Qd7 26. Qb3 Re8 27. Rxe8 Nxe8 28. a5 Nf6 29. Bd2 Ne4 30. Bxe4 fxe4 31. Ng5 Qe7 32. Qe3 Bxb2 33. Qxe4 Bf6 {[#] ...Bxg5 is the strong threat.} 34. Ne6 (34. Qf3 $16) 34... Kf7 $1 $11 {The position is equal.} 35. f5 gxf5 36. Qxf5 Nxe6 37. dxe6+ Qxe6 38. Qxh7+ Ke8 39. Bf4 Qxc4 40. Bxd6 Qd4 41. Bg3 Qd5 42. Qg6+ Ke7 43. Qh7+ Ke8 44. Qg6+ Ke7 45. Qh7+ {Accuracy: White = 89%, Black = 89%.} 1/2-1/2

[Event "AUT-ch Open 2020"]
[Site "Graz"]
[Date "2020.02.20"]
[Round "8.5"]
[White "Leisch, Lukas"]
[Black "Frosch, Erich"]
[Result "1-0"]
[WhiteElo "2352"]
[BlackElo "2210"]
[Annotator "NA"]
[PlyCount "73"]
[EventDate "2020.02.14"]
[EventType "swiss"]
[EventCountry "AUT"]
[SourceTitle "playchess.com"]
[Source "ChessBase"]
[SourceQuality "1"]
[TimeControl "40/5400+30:1800+30"]

1. g3 {[%emt 0:00:00]} g6 {[%emt 0:00:00]} 2. Bg2 {[%emt 0:00:00]} Bg7 {[%emt 0:00:00]} 3. Nf3 {[%emt 0:00:27]} Nf6 {[%emt 0:00:00]} 4. O-O {[%emt 0:00:10]} O-O {[%emt 0:00:00]} 5. d3 {[%emt 0:00:55]} c5 {[%emt 0:00:10]} 6. Nbd2 {[%emt 0:00:41]} Nc6 {[%emt 0:00:09]} 7. a3 {[%emt 0:01:13]} d6 {[%emt 0:00:05]} 8. Rb1 {[%emt 0:05:02]} Qc7 {[%emt 0:01:34]} 9. c4 {[%emt 0:02:29]} b6 {[%emt 0:00:24]} 10. b4 {[%emt 0:02:13]} Bb7 {[%emt 0:00:28]} 11. Bb2 {[%emt 0:04:41]} e5 {[%emt 0:02:56]} 12. Ne1 {[%emt 0:05:47]} Rae8 {[%emt 0:01:19]} 13. e3 {[%emt 0:15:50]} Re7 {[%emt 0:07:15]} 14. Nc2 {[%emt 0:01:57]} Rfe8 {[%emt 0:00:17]} 15. b5 {[%emt 0:01:34]} Nd8 {[%emt 0:00:46]} 16. Bxb7 {[%emt 0:00:30]} Qxb7 {[%emt 0:00:06]} 17. e4 {[%emt 0:00:27]} Qd7 {[%emt 0:00:28]} 18. Kg2 {[%emt 0:13:34]} Ne6 {[%emt 0:06:11]} 19. Nf3 {[%emt 0:10:24]} Nh5 {[%emt 0:04:10]} 20. Ne3 {[%emt 0:01:52]} Rf8 {[%emt 0:00:33]} 21. Nh4 {[%emt 0:04:36]} Ree8 {[%emt 0:04:29]} 22. Nd5 {[%emt 0:01:58]} Ng5 {[%emt 0:03:16]} 23. Nf5 {[%emt 0:03:06]} Nf6 {[%emt 0:04:36]} 24. Nxg7 {[%emt 0:06:26]} Kxg7 {[%emt 0:00:15]} 25. Nxf6 {[%emt 0:00:43]} Kxf6 {[%emt 0:00:56]} 26. f4 {[%emt 0:00:31]} Qh3+ {[%emt 0:01:20]} 27. Kh1 {[%emt 0:00:41]} Ne6 {[%emt 0:00:16]} 28. fxe5+ {[%emt 0:00:41]} Ke7 {[%emt 0:00:13]} 29. exd6+ {[%emt 0:00:23]} Kxd6 {[%emt 0:01:23]} 30. d4 {[%emt 0:16:09]} Kc7 {[%emt 0:00:50]} 31. d5 {[%emt 0:00:00]} Nd4 {[%emt 0:07:08]} 32. Bxd4 {[%emt 0:00:00]} cxd4 {[%emt 0:00:09]} 33. Qxd4 {[%emt 0:00:00]} f6 {[%emt 0:03:07]} 34. c5 {[%emt 0:00:00]} bxc5 {[%emt 0:03:13]} 35. Qxc5+ {[%emt 0:00:00]} Kd8 {[%emt 0:00:22]} 36. Rbc1 {[%emt 0:00:00]} Rf7 {[%emt 0:02:56]} 37. Qd6+ {[%emt 0:00:00]} 1-0

[Event "AUT-ch Open 2020"]
[Site "Graz"]
[Date "2020.02.20"]
[Round "8.6"]
[White "Ioannidis, Evgenios"]
[Black "Dragnev, Valentin"]
[Result "0-1"]
[WhiteElo "2399"]
[BlackElo "2549"]
[Annotator "TA"]
[PlyCount "58"]
[EventDate "2020.02.14"]
[EventType "swiss"]
[EventCountry "AUT"]
[SourceTitle "playchess.com"]
[Source "ChessBase"]
[SourceQuality "1"]

{[%evp 19,58,35,41,-14,-10,-9,-22,-21,0,-25,-27,-10,-25,-12,0,0,9,12,14,0,0,0,0,-44,-37,-30,-43,-47,-7,-8,8,-81,-94,-483,-475,-29988,-29989,-29993,-29994,-29994,-29995]} 1. d4 Nf6 2. c4 g6 3. g3 Bg7 4. Bg2 d5 5. Nf3 dxc4 6. Na3 O-O 7. O-O Nc6 8. Nxc4 Be6 9. b3 Bd5 10. Bb2 a5 {[%cal Ba7a5,Ba5a4][%mdl 32]} 11. Ne1 {[#] D77: Fianchetto Grünfeld: 6 0-0: Replies other than 6...c6.} ({White should play} 11. Rc1 $14) 11... a4 $146 {[%mdl 512]} ({Predecessor:} 11... Bxg2 12. Nxg2 a4 13. bxa4 Ra6 14. Nf4 Qa8 15. Ne5 Rxa4 16. Nxc6 bxc6 17. Nd3 Ne4 18. Qc2 Rb8 19. a3 Bxd4 20. Bxd4 Rxd4 21. a4 c5 22. Nxc5 Qc6 23. Rfc1 {0-1 (23) Batinic,P (2303)-Nedilko,V (2407) Plovdiv 2010}) 12. Nc2 (12. bxa4 Bxc4) 12... Bxg2 13. Kxg2 {The position is equal.} b5 14. N4e3 Nd5 15. Qd3 Nxe3+ 16. fxe3 Qd7 17. Qxb5 Rfb8 18. Qc4 e5 19. Bc3 exd4 20. exd4 Re8 21. b4 Re4 {[%mdl 1024] Hoping for ...Ne5! Black has compensation.} 22. Rad1 Rae8 23. Rf2 h5 24. b5 $36 {[%mdl 2048] White has good play.} Nd8 25. Nb4 {[#]} (25. e3 $11 {keeps the balance.}) 25... h4 $1 $17 26. Na6 $2 {[%mdl 8192] White does not recover from this.} (26. Nc6 $17 {is tougher.}) 26... Qg4 $19 {[%cal Re4e2]} 27. Qxc7 (27. Nxc7 $19 hxg3 28. h3 (28. hxg3 $2 Re3 $19)) 27... Rxe2 {Black mates.} 28. Rdf1 h3+ 29. Kg1 Rxf2 {Accuracy: White = 43%, Black = 95%.} 0-1

[Event "AUT-ch Open 2020"]
[Site "Graz"]
[Date "2020.02.20"]
[Round "8.6"]
[White "Paltrinieri, Nicholas"]
[Black "Bin-Suhayl, Ieysaa"]
[Result "1-0"]
[WhiteElo "2347"]
[BlackElo "2174"]
[Annotator "TA"]
[PlyCount "95"]
[EventDate "2020.02.14"]
[EventType "swiss"]
[EventCountry "AUT"]
[SourceTitle "playchess.com"]
[Source "ChessBase"]
[SourceQuality "1"]

{[%evp 27,95,0,58,0,0,-22,61,20,48,62,69,69,87,81,81,89,146,93,101,70,85,53,89,31,66,52,41,0,0,0,0,0,52,20,85,87,82,76,107,100,112,100,123,95,212,129,195,135,191,115,121,125,156,77,123,11,8,10,8,0,11,0,0,0,157,150,358,334,367,355]} 1. e4 e6 2. d4 d5 3. Nd2 Nf6 4. e5 Nfd7 5. Bd3 c5 6. c3 Nc6 7. Ne2 cxd4 8. cxd4 f6 9. exf6 Nxf6 10. Nf3 Bd6 11. O-O O-O 12. Nc3 Qb6 13. Re1 Bd7 14. Bg5 Rae8 (14... h6 $11 15. Bh4 Rac8) 15. Bh4 {C06: French Tarrasch: 3...Nf6 4 e5 Nfd7 5 Bd3 main lines.} (15. Ne5 $14 Qxb2 16. Nxd7 Nxd7 17. Qh5 Qxf2+ 18. Kh1) 15... Kh8 $11 ({But not} 15... Qxb2 $2 16. Nb5 $16) 16. Bf1 {[#]} Ng8 $146 (16... Ng4 $11) ({Predecessor:} 16... Ne7 17. Ne5 Bxe5 18. dxe5 Nfg8 19. Qd2 Nf5 20. Bg5 Rf7 21. Bd3 Ngh6 22. Rf1 Ref8 {0-1 (31) Meulblok,W-Leenhouts,K (2111) Vlissingen 2001}) 17. Na4 {White is slightly better.} Qc7 18. Rc1 Nh6 19. Bg3 Nf5 {[%cal Rf5g3]} 20. Bxd6 Qxd6 21. Nc5 Re7 (21... Nd8 $142) 22. Bb5 (22. Nxb7 $142 Qb4 23. Nc5 Nfxd4 24. Nxd4 Nxd4 25. b3) 22... Be8 23. Bxc6 Bxc6 24. Ne5 Bb5 25. Qg4 (25. g4 $16 Nh6 26. Qb3) 25... Rc7 26. a4 Be8 27. b3 b6 28. Ncd3 Rxc1 29. Nxc1 Nh6 (29... Qb4 $11 30. Rd1 Qa3) 30. Qh3 Nf5 (30... Qb4 $11 {keeps the balance.} 31. Ncd3 Qxb3) 31. Qc3 $36 {[%mdl 2048] Keeping Black busy.} Kg8 32. Ncd3 Ne7 33. Rc1 Bg6 34. Nb4 Nf5 35. g3 Rd8 (35... a5 $16 {is a better defense.} 36. Nbd3 Be8) 36. Nbd3 Be8 (36... Re8 $16 {was necessary.} 37. Nf4 Qe7) 37. Nf4 (37. g4 $18 Nh6 38. Qc7) 37... g5 {[#]} (37... Qe7 $16 38. g4 Nd6) 38. Ne2 (38. Nh3 $1 $18) 38... a5 39. h3 h6 40. Kh2 ({White should try} 40. h4) 40... Ne7 41. Qc7 (41. h4 $16) 41... Qxc7 $1 $11 42. Rxc7 Kf8 $1 43. Rb7 Rc8 $1 {[%cal Rc8c2] White should prevent ...Rc2.} 44. Kg2 Rc2 45. Kf1 Rb2 $2 {[#]} ({Better is} 45... Nc8 $11) 46. Rxb6 $16 Bxa4 $2 (46... Rb1+ $16 47. Kg2 Rb2) 47. bxa4 $18 Rxb6 48. Nd7+ {[%mdl 64] Double Attack. Accuracy: White = 50%, Black = 46%.} 1-0

[Event "AUT-ch Open 2020"]
[Site "Graz"]
[Date "2020.02.20"]
[Round "8.7"]
[White "Palac, Mladen"]
[Black "Karthikeyan, P.."]
[Result "1-0"]
[WhiteElo "2536"]
[BlackElo "2406"]
[Annotator "ChessBase"]
[PlyCount "61"]
[EventDate "2020.02.14"]
[EventType "swiss"]
[EventCountry "AUT"]
[SourceTitle "playchess.com"]
[Source "ChessBase"]
[SourceQuality "1"]
[TimeControl "40/5400+30:1800+30"]

1. Nf3 {[%emt 0:00:00]} Nf6 {[%emt 0:02:46]} 2. c4 {[%emt 0:00:00]} g6 {[%emt 0:02:02]} 3. Nc3 {[%emt 0:00:00]} d5 {[%emt 0:00:02]} 4. cxd5 {[%emt 0:00:28]} Nxd5 {[%emt 0:00:06]} 5. Qb3 {[%emt 0:00:36]} Nb6 {[%emt 0:00:45]} 6. d4 {[%emt 0:00:08]} Bg7 {[%emt 0:01:14]} 7. Bf4 {[%emt 0:00:09]} O-O {[%emt 0:02:18]} 8. Rd1 {[%emt 0:02:34]} a5 {[%emt 0:00:57]} 9. e4 {[%emt 0:12:23]} Bg4 {[%emt 0:02:26]} 10. d5 {[%emt 0:00:19]} N8d7 {[%emt 0:02:10]} 11. Be2 {[%emt 0:06:30]} e5 {[%emt 0:05:40]} 12. Bg5 {[%emt 0:03:45]} f6 {[%emt 0:02:01]} 13. Be3 {[%emt 0:00:31]} a4 {[%emt 0:02:32]} 14. Qc2 {[%emt 0:04:51]} c6 {[%emt 0:06:41]} 15. dxc6 {[%emt 0:10:23]} bxc6 {[%emt 0:01:25]} 16. Nxe5 {[%emt 0:00:11]} Bxe2 {[%emt 0:04:26]} 17. Qxe2 {[%emt 0:02:43]} fxe5 {[%emt 0:00:26]} 18. Bxb6 {[%emt 0:00:02]} Qxb6 {[%emt 0:00:19]} 19. Rxd7 {[%emt 0:00:01]} a3 {[%emt 0:06:06]} 20. b3 {[%emt 0:00:12]} Qc5 {[%emt 0:02:52]} 21. Rd3 {[%emt 0:02:49]} Rad8 {[%emt 0:03:11]} 22. O-O {[%emt 0:00:07]} Rd4 {[%emt 0:01:04]} 23. Rfd1 {[%emt 0:00:21]} Rfd8 {[%emt 0:02:24]} 24. g3 {[%emt 0:02:35]} Bf6 {[%emt 0:12:36]} 25. Kg2 {[%emt 0:01:29]} Kg7 {[%emt 0:01:51]} 26. Rxd4 {[%emt 0:01:27]} Rxd4 {[%emt 0:02:56]} 27. Rc1 {[%emt 0:11:58]} h5 {[%emt 0:02:25]} 28. Rc2 {[%emt 0:03:40]} Qb4 {[%emt 0:01:38]} 29. Qa6 {[%emt 0:03:11]} Rxe4 {[%emt 0:00:50]} 30. Qxc6 {[%emt 0:00:25]} Re1 {[%emt 0:00:45]} 31. Qxf6+ {[%emt 0:00:11]} 1-0

[Event "AUT-ch Open 2020"]
[Site "Graz"]
[Date "2020.02.20"]
[Round "8.7"]
[White "Nikolic, Vladan"]
[Black "Soham Das"]
[Result "1-0"]
[WhiteElo "2203"]
[BlackElo "2336"]
[Annotator "TA"]
[PlyCount "111"]
[EventDate "2020.02.14"]
[EventType "swiss"]
[EventCountry "AUT"]
[SourceTitle "playchess.com"]
[Source "ChessBase"]
[SourceQuality "1"]

{[%evp 9,111,39,48,27,30,3,18,0,32,-13,-12,-42,-42,-50,-10,-39,-30,-30,-36,-87,0,-100,-35,-34,8,0,0,-109,-104,-103,0,-30,-17,-17,0,-31,0,-10,60,60,81,102,104,121,142,168,276,276,264,257,377,366,375,366,614,595,491,210,196,114,106,-12,-15,-8,-18,-39,-33,-80,-65,-81,266,-12,0,0,0,-75,-83,-127,78,73,75,79,79,87,77,77,102,98,109,104,278,233,345,108,193,158,419,414,354,208,754,554,787,803]} 1. Nf3 f5 2. d3 Nf6 3. e4 d6 4. exf5 Bxf5 5. d4 Qd7 6. Bd3 {A04: Unusual lines after 1 Nf3 and King's Indian Attack.} Nc6 7. Bxf5 Qxf5 8. O-O {The position is equal.} e5 9. dxe5 dxe5 10. c3 Bd6 11. Nbd2 O-O-O 12. Nc4 {[#]} (12. Nh4 $5 {[%cal Rh4f5]} Qe6 13. Qf3 $11) 12... Bc5 $146 ({Predecessor:} 12... Be7 13. Qe2 e4 14. Nfd2 Rhe8 15. Nb3 Rd3 16. Be3 Qe6 17. Ncd2 Red8 18. Rfe1 Qf5 {1-0 (63) Plischki,S (2381)-Swiercz,D (2231) Marianske Lazne 2007}) 13. Qe2 e4 $36 {[%mdl 2048] Black has some pressure.} 14. Ng5 (14. Nfd2 $15) 14... Ng4 (14... Rhe8 $17 {Strongly threatening ...e3!} 15. Nh3 h6) 15. Ne3 (15. h3 $11 Nxf2 16. Be3 Bxe3 17. Qxe3) 15... Nxe3 (15... Bxe3 $1 $17 16. Bxe3 Rhe8) 16. Bxe3 $15 Bd6 17. Qc4 Rhe8 18. Qf7 {[#]} (18. Nf7 $11) 18... Qe5 $1 $17 {[%csl Gd6][%cal Re5h2]} 19. Qh5 Kb8 ({Better is} 19... h6 $17 20. Qh3+ Rd7) 20. Qh4 Qe7 21. Qh5 $1 Qe5 {White must now prevent ...h6.} 22. Qh4 Qe7 {And now ...h6 would win.} (22... Qf6 $5 {[%cal Rh7h6]} 23. Qg4 Ne5 24. Qxe4 h6 $11) 23. Qh5 $1 Rf8 (23... Bc5 $11) 24. Rae1 $14 Ka8 25. Bc1 (25. Nxh7 Rh8 $17) 25... Rf5 {[#]} 26. Qg4 $1 {[%cal Rg4f5]} Qe5 {[%csl Gd6][%cal Re5h2]} 27. f4 Qc5+ (27... Qd5 $142 28. Rd1 (28. Rxe4 Bc5+ 29. Kh1 h6 $17) (28. Nxe4 g6 $16) 28... Qb5) 28. Be3 $18 Qd5 29. Rd1 ({Less strong is} 29. Nxh7 Be7 $16) 29... Qa5 (29... Rxg5 $142 30. Qxg5 Qg8) 30. b4 {[%cal Bb2b4,Bb4b5][%mdl 32]} Rxg5 31. Qxg5 (31. bxa5 $2 {perishes.} Rxg4 32. a6 bxa6 $19) 31... Qxa2 $2 (31... Qxg5 32. fxg5 a5 33. bxa5 Ne5) 32. b5 h6 33. Qh4 (33. Qg4 $142 Na5 34. Qxg7 (34. Ra1 Qc4 $18)) 33... Qe2 34. Rfe1 (34. bxc6 $18 {[%cal Rh4d8]} Qxe3+ 35. Kh1) 34... Qxb5 $16 35. Bf2 (35. Qg4 $16) 35... Qf5 $11 36. c4 Re8 37. Be3 b6 38. Rd5 Qf7 39. Qh5 Qe7 $2 {[%mdl 8192]} (39... g6 $17 {keeps the pressure on.} 40. Qd1 Bxf4) 40. Rdd1 $2 ({White must play} 40. c5 $18 bxc5 41. Bxc5) 40... Nb4 41. Re2 Nd3 42. Qd5+ (42. Ra1 $11 {keeps the balance.} c5 43. Rea2) 42... Kb8 $17 43. Bxb6 Nxf4 $2 {[#]} (43... cxb6 $17 {stays on course.} 44. Rxd3 {[%mdl 64] Pin} Rd8 45. Qxe4 Qxe4 46. Rxe4 Bc5+ {[%mdl 64] Discovered Attack} 47. Rde3 Rd3 {[%mdl 64] Pin}) 44. Bxa7+ $1 $16 {[%mdl 512]} Kc8 (44... Kxa7 45. Ra2+) 45. Qf5+ Qe6 46. Qxe6+ Rxe6 47. Re3 c5 48. g3 Ng6 49. Kg2 Kb7 $2 (49... Ne7 $16) 50. Rb1+ Kc6 (50... Kc8 $142 51. Bb6 Ne7) 51. Rbe1 $2 (51. Ra3 $18 {has better winning chances. Ra6+ is the strong threat.} Nf8 52. Ra6+ Kd7 53. Rb7+ Bc7 54. Bb6) 51... Re7 (51... Ne7 $16) 52. Ra1 Kb7 $2 (52... Ne5 $16 {keeps fighting.}) 53. Rb3+ $18 Kc8 54. Ra6 (54. Rb5 $142) 54... Kd7 $2 (54... Ne5 55. Rxd6 Rxa7) 55. Rb7+ Ke6 56. Rbb6 {Accuracy: White = 54%, Black = 43%.} 1-0

[Event "AUT-ch Open 2020"]
[Site "Graz"]
[Date "2020.02.20"]
[Round "8.8"]
[White "Burmakin, Vladimir"]
[Black "Schwabeneder, Florian"]
[Result "1-0"]
[WhiteElo "2514"]
[BlackElo "2412"]
[Annotator "TA"]
[PlyCount "81"]
[EventDate "2020.02.14"]
[EventType "swiss"]
[EventCountry "AUT"]
[SourceTitle "playchess.com"]
[Source "ChessBase"]
[SourceQuality "1"]

{[%evp 12,81,30,20,21,-1,66,63,51,0,0,12,10,0,7,-18,16,16,8,12,62,46,94,0,19,0,0,0,0,0,0,-9,0,0,0,0,4,-52,7,12,93,15,35,20,14,-2,54,54,54,43,185,170,185,185,180,182,408,395,383,365,374,366,486,481,474,487,489,487,541,541,543,520]} 1. Nf3 c5 2. e3 d5 3. b3 Nf6 4. Bb2 e6 5. c4 Nc6 6. cxd5 exd5 7. Be2 a6 {[%cal Ba7a6,Ba6a5][%mdl 32] [#] A13: English Opening: 1...e6.} 8. Ne5 $146 ({Predecessor:} 8. O-O d4 9. exd4 cxd4 10. Re1 Be7 11. Na3 O-O 12. Nc4 Be6 13. Nce5 Nxe5 14. Nxe5 Rc8 15. Bf3 {½-½ (23) Bologan,V (2648)-Wojtaszek,R (2736) Baku 2016}) 8... Bd6 (8... Nxe5 $11 9. Bxe5 Bd6 10. Bxd6 Qxd6) 9. Nxc6 $14 bxc6 {White is slightly better.} 10. d3 (10. Nc3 $14) 10... O-O 11. O-O Re8 12. Nd2 {[%cal Bb1d2,Bd2f3,Bf3d4][%mdl 32]} a5 13. Rc1 Bf5 14. Nf3 a4 15. d4 Ne4 16. dxc5 Bxc5 17. bxa4 (17. Nd4 $16 Bd7 18. f3 (18. bxa4 Qb8 $11)) 17... Bd7 18. Nd4 Qb6 19. Qc2 Bf8 20. Bd3 c5 21. Nb5 h6 22. Rfd1 Bc6 23. Rb1 Qa5 24. Qc1 (24. f3 $11 Ng5 25. Qf2 (25. h4 Ne6 $11)) 24... Rec8 ({Black should try} 24... Qxa4 $15 25. Bxe4 (25. Nc7 Nxf2 26. Kxf2 Qh4+ {[%mdl 64] Double Attack} 27. Kg1 Bd6 $19) 25... Qxe4) 25. Bc2 $11 Nd6 {[#]} (25... Re8 $11 {remains equal.}) 26. Bc3 (26. Nc3 $1 $16) 26... Qd8 27. Qd2 Qg5 {Hoping for ...d4.} 28. f4 Qe7 ({Black should play} 28... Qg4 $11) 29. Nxd6 $14 Qxd6 30. a5 Re8 {[#] Loses the game.} (30... d4 $14) 31. Qd3 $1 $40 {[%csl Gc2][%cal Rd3h7][%mdl 128] White goes for the king.} Qg6 32. Qxg6 fxg6 33. Kf2 ({Much less strong is} 33. Bxg6 $6 Rxe3 34. Rd3 Rxd3 $14) 33... Re6 $2 (33... d4 {was called for.}) 34. Rb6 Rae8 {[#]} 35. Rxc6 $1 {[%mdl 576] Remove Defender} Rxc6 36. Ba4 {[%mdl 64] Skewer} Rec8 {Black hopes to continue with ...Rd6.} 37. Bxc6 {White is clearly winning.} Rxc6 38. Rxd5 Kf7 39. e4 Ke6 40. Ke3 Rc8 41. Kd3 {Accuracy: White = 82%, Black = 53%.} 1-0

[Event "AUT-ch Open 2020"]
[Site "Graz"]
[Date "2020.02.20"]
[Round "8.8"]
[White "Zadruzny, Nicolaj"]
[Black "Trippold, Denise"]
[Result "1-0"]
[WhiteElo "2334"]
[BlackElo "2187"]
[Annotator "TA"]
[PlyCount "59"]
[EventDate "2020.02.14"]
[EventType "swiss"]
[EventCountry "AUT"]
[SourceTitle "playchess.com"]
[Source "ChessBase"]
[SourceQuality "1"]

{[%evp 9,59,0,3,12,11,0,15,16,29,28,29,-7,33,2,21,21,26,18,16,13,0,10,38,30,37,0,58,14,108,97,93,97,95,94,214,227,216,202,200,196,194,115,211,193,278,164,357,363,385,386,541,545]} 1. Nf3 d5 2. d4 Nf6 3. g3 c5 4. Bg2 cxd4 5. O-O h6 6. b3 {D02: 1 d4 d5 2 Nf3 sidelines, including 2...Nf6 3 g3 and 2...Nf6 3 Bf4.} e6 7. Bb2 Be7 {[#]} 8. Nxd4 $146 {The position is equal.} ({Predecessor:} 8. Bxd4 Nc6 9. Bb2 O-O 10. Nbd2 Qc7 11. c4 Rd8 12. cxd5 exd5 13. Nd4 Bg4 14. h3 {½-½ (60) Vdovin,M (1935)-Skatchkov,V (2099) Samara 2016}) 8... O-O 9. c4 dxc4 10. bxc4 Qc7 11. Nd2 a6 12. Qc2 Bd7 13. Rfc1 Nc6 14. Rab1 Rfd8 15. Bc3 Be8 16. e3 Rab8 17. Qb2 (17. c5 $5) 17... Rdc8 (17... Nxd4 $11 18. Bxd4 (18. exd4 b5 $11) 18... Nd7) 18. N2b3 b6 {[#]} (18... Nb4 $11) 19. Nxc6 $1 $16 Bxc6 20. Be5 $36 {[%mdl 2048] White is really pushing.} Ba3 21. Qc3 Qe7 (21... Bd6 $16 22. Bxf6 Bxg2) 22. Bxc6 $18 {And now Rd1 would win.} Bxc1 23. Rxc1 {Threatens to win with Bf3.} Rxc6 24. Bxb8 {Be5 is the strong threat.} Nd7 25. Nd4 (25. Be5 $18) 25... Rc5 (25... Rc8 $16 {is a better defense.}) 26. Ba7 {Strongly threatening Qa3.} Qd8 (26... Rc7 $142 27. Bxb6 Nxb6) 27. Rd1 (27. Qd3 $142) 27... Qc7 $2 (27... Qc8) 28. Nb3 Rxc4 29. Qd3 Nf8 {[#]} (29... Ne5 $142 30. Qd8+ Kh7 31. Qxc7 (31. Bxb6 Qb7 $16) 31... Rxc7 32. Bxb6 Rc2) 30. Bxb6 $1 {[%mdl 512] Accuracy: White = 70%, Black = 48%.} 1-0